LEADER 01109nam a2200277 i 4500 001 000000073404 003 CaOOAMICUS 005 20220621120302.0 008 131120s1989 it u000 u ita u 013 $a44576 020 $a88-404-2402-4 040 $aSeMil$bita 100 1 $aObertello, Luca.$0(OLS)http://semarc/name/337 245 10$aBoezio e dintorni :$bricerche sulla cultura altomedievale /$cLuca Obertello. 260 $aFirenze :$bNardini,$ccopyr. 1989. 300 $a209 p. ;$c21 cm. 490 0 $aBiblioteca medievale ;$v2 600 04$aBoezio, Severino <480-524>.$0(OLS)http://semarc/subject/4723 830 0$aBiblioteca medievale ;$v2.$0(OLS)http://semarc/title/427357 850 $aSeMil 852 $aSeMil$W1$xVenegono$y1$m2N I 314$j39556$B39556$CSeMilBibl$Z2$F39560 $81 961 $aAcquisto: Città Nuova 996 $6020$a88-404-2402-4$9(OLS)http://semarc/number/52875 996 $6245$aBoezio e dintorni :$bricerche sulla cultura altomedievale$9(OLS)http://semarc/title/118521 996 $6260$aFirenze :$bNardini$9(OLS)http://semarc/publisher/31399 LEADER 01096nam a2200205 i 4500 001 000000210559 003 CaOOAMICUS 005 20260122142631.0 008 120201s1799 it u000 u mul u 013 $a189372 026 $aTODI s-on i-n- obad (3) 1799 (R) 040 $aSeMil$bita 245 10$aTomo 3. 300 $a286, [2] p. 500 $aSegn.: [A]-S8. 773 0 $aTacitus, Publius Cornelius $tOpere di C. Cornelio Tacito tradotte in volgar fiorentino da Bernardo Davanzati con insieme le giunte e i supplementi a Tacito dell'abate Gabriele Brotier... tradotti sullo stile del Davanzati dall'ab. Raffaele Pastore tutto col testo latino a fronte.$bSeconda edizione diligentemente emendata, e fornita di quanto può renderla perfeta, e comoda a' lettori.$dMilano : Nella stamperia di Andrea Mainardi a S. Mattia alla Moneta presso S. Sepolcro, 1799-1800.$g3$w()26184 850 $aSeMil 852 $aSeMil$W1$xVenegono$y1$m1X III 60 FA$j161006$B161006$CSeMilBibl$Z2$F172181 $8I 996 $6245$aTomo 3$9(OLS)http://semarc/title/53129